Statistics for African Capitals Without First or Last Letters Quiz #1

Click here to take the quiz!

General Stats

  • This quiz has been taken 31 times
  • The average score is 8 of 10

Answer Stats

African Capitals Without First or Last LettersFull African Capitals (and Countries)% Correct
airobNairobi (Kenya)
100%
smarAsmara (Eritrea)
87%
ubJuba (South Sudan)
87%
ã omSão Tomé (São Tomé and Príncipe)
87%
uandLuanda (Angola)
84%
oronMoroni (Comoros)
84%
aoundYaoundé (Cameroon)
81%
abaRabat (Morocco)
68%
obamb | babanMbabane (Eswatini)
65%
obamb | babanLobamba (Eswatini)
26%

Score Distribution

Percentile by Number Answered

Percent of People with Each Score

Your Score History

You have not taken this quiz